Statistics for Syria quiz

Click here to take the quiz!

General Stats

  • This quiz has been taken 20 times
  • The average score is 6 of 15

Answer Stats

HintAnswer% Correct
Who is the current leader of Syria?Bashar Hafez Al-Assad
94%
What is Syrias Capital?Damascus
82%
Who are Syrias loyal Allies?Russia Iran Hezbollah
82%
What is Syrias official religion?Shia Islam
76%
Who was the leader that founded the current Syrian regime?Hafez Al-Assad
59%
Who are Syrian's enemies?Saudi Arabia Egypt Sudan Yemen Turkey
59%
What was the whole town that was wiped out by Hafez Al-Assad?Hama
47%
Does the Syrian regime gas civilian areas?No
47%
How long has Syria been in a civil war?9 years and seven month
41%
What is the average life span Syria?70.97 years old
24%
What was Syrias main money making things?Natural gas and Oil
18%
How many Kurds have been executed in Syria for crimes against the regime?13,665
0%
How many soldiers in Syrias army?142,000
0%
How many terrorists have fled from Syria?5.6 million
0%
What was the Assad's closest family friend?Manaf Tlass
0%

Score Distribution

Percentile by Number Answered

Percent of People with Each Score

Your Score History

You have not taken this quiz